ARRUPE JESUIT UNIVERSITY

CORONAVIRUS -STOP THE SPREAD - CLEAN,DISINFECT,COVER
Normal view MARC view

Entry Topical Term

Number of records used in: 7

001 - CONTROL NUMBER

  • control field: 7527

003 - CONTROL NUMBER IDENTIFIER

  • control field: ARRUPE

005 - DATE AND TIME OF LATEST TRANSACTION

  • control field: 20140131130136.0

008 - FIXED-LENGTH DATA ELEMENTS

  • fixed length control field: 140131|| aca||aabn | a|a d

040 ## - CATALOGING SOURCE

  • Original cataloging agency: ARRUPE
  • Transcribing agency: ARRUPE

150 ## - HEADING--TOPICAL TERM

  • Topical term or geographic name as entry element: Mathematics.

670 ## - SOURCE DATA FOUND

  • Source citation: Work cat.: (ARRUPE)0: Kline, Morris, 1908-1992. 7526, Mathematics for the nonmathematician /, 1985, c1967.

 

Arrupe Library. PO Box MP320 Mt Pleasant, Harare, Zimbabwe
263 242 745411|librarian@aju.ac.zw